Stanley in space / (Record no. 2087)

MARC details
000 -LEADER
fixed length control field 00978nam a22002777a 4500
005 - DATE AND TIME OF LATEST TRANSACTION
control field 20240221131141.0
020 ## - INTERNATIONAL STANDARD BOOK NUMBER
International Standard Book Number 9780439588645
040 ## - CATALOGING SOURCE
Original cataloging agency FISKH
Language of cataloging eng
Transcribing agency FISKH
Modifying agency FISKH
050 ## - LIBRARY OF CONGRESS CALL NUMBER
Classification number PZ7.B81422
082 ## - DEWEY DECIMAL CLASSIFICATION NUMBER
Classification number 813.54
100 ## - MAIN ENTRY--PERSONAL NAME
Personal name Brown, Jeff
245 ## - TITLE STATEMENT
Title Stanley in space /
Statement of responsibility, etc. by Brown , Jeff author of Flat Stanley ; Pictures by Nash, Scott
250 ## - EDITION STATEMENT
Edition statement First Scholastic printing, September 2003
260 ## - PUBLICATION, DISTRIBUTION, ETC.
Place of publication, distribution, etc. New York :
Name of publisher, distributor, etc. Scholastic,
Date of publication, distribution, etc. 2003
300 ## - PHYSICAL DESCRIPTION
Extent 103 pages :
Dimensions 19 cm .
Other physical details illustrations ;
490 ## - SERIES STATEMENT
Series statement Flat Stanley
505 ## - FORMATTED CONTENTS NOTE
Formatted contents note N <br/>
520 ## - SUMMARY, ETC.
Summary, etc. When the residents of a far-distant planet send a message to Earth asking for someone to meet with them, the President of the United States asks Stanley Lambchop, an all-American boy, to be his ambassador.
521 ## - TARGET AUDIENCE NOTE
Target audience note 580
Source Lexile
521 ## - TARGET AUDIENCE NOTE
Target audience note N <br/>
Source Raz-Plus
650 ## - SUBJECT ADDED ENTRY--TOPICAL TERM
Topical term or geographic name entry element Space
Form subdivision fiction
650 ## - SUBJECT ADDED ENTRY--TOPICAL TERM
Topical term or geographic name entry element Adventure
Form subdivision fiction
700 ## - ADDED ENTRY--PERSONAL NAME
Personal name Nash, Scott
Relator term illustrator
942 ## - ADDED ENTRY ELEMENTS (KOHA)
Source of classification or shelving scheme Dewey Decimal Classification
Koha item type Books
Suppress in OPAC No
999 ## -
-- 2087
-- 2087
Holdings
Withdrawn status Lost status Source of classification or shelving scheme Damaged status Not for loan Collection Home library Current library Shelving location Date acquired Total Checkouts Full call number Barcode Date last seen Date last checked out Price effective from Koha item type
    Dewey Decimal Classification     Juvenile Fiction Footprints International School Library Network Toul Kork Campus Footprints International School Library Network Toul Kork Campus   11/06/2023 4 BRO 813.54 PZ7.B81422 FISTKG3B069 04/08/2024 03/29/2024 11/06/2023 Books